空靈
| 資料類型: | 圖書 | 書目號: | 40309 |
Leader xxxxxxxxxx 001 __ PCLIS00040309 005 __ 20210324101503.0 010 0_ |a957-622-105-6|b平裝 090 __ |a(nbi)b13222727 100 __ |a19940325d1993 y0chiy0109 e 101 0_ |achi 102 __ |atw 105 __ |ay z 000yy 200 1_ |a空靈|f簡媜著 210 __ |a臺北市|c漢藝色研|d1993 215 0_ |a155面|d21公分 225 2_ |a生活詩人系列|v3 260 1_ |a1993 410 _0 |12001 |a生活詩人系列|v3 681 __ |a855|b865 700 _1 |a簡|b媜|f1961-|4著 801 _1 |atw|b內湖高中|c20090223 801 _2 |atw|b內湖高中|c20210324 |